00819nam a2200205 i 4500003000900000005001700009007000300026008004100029040003000070082001700100100003200117245012500149264008100274300005800355336002700413337003300440338002800473500007300501504003900574DO-SdBNP20250714093533.0ta250714b200- dr do||| |||| 00| 0 spa d aDO-SdBNPbspacBNPHUerda 1axxxbxxx2221 aGreco, Estebaneautor4aut.10aEstudio sobre las condiciones de competencia en el mercado de medicamentos de la República Dominicana /cEsteban Greco 1aSanto Domingo :bComisión Nacional de Defensa de la Competencia,c[200-]?. a155 páginas ;bgráficas, fotografías : c23 cm. atextobtxt2rdacontent asin mediaciónbn2rdamedia avolumenbnc2rdacarrier aIncluye referencias bibliográficas y notas al pie de las páginas aBibliografía : páginas 140-142